Gradus ad parnassum, sive bibliotheca musarum, vel novus synonymorum, epithetorum, phrasium poeticarum, ac versuum thesaurus

Detalles Bibliográficos
Formato: Libro
Publicado: Madrid 1779
Materias:
Colección:Banco de datos
Acervo:Biblioteca del Colegio de San Francisco Javier. Tepotzotlán. Estado de México
Descripción Física:t. I
Tema general:Literatura
Notas:Buena. Fondo General.
LEADER 00733nam a22001930004500
035 |a 52751 
036 |a 146 
245 1 0 |a Gradus ad parnassum, sive bibliotheca musarum, vel novus synonymorum, epithetorum, phrasium poeticarum, ac versuum thesaurus 
260 |a Madrid  |b Joaquín Ibarra  |c 1779 
300 |a t. I 
500 |a Buena. Fondo General. 
650 1 0 |a Literatura 
949 |a M.N.V. 
959 |a Ex colegio de San Francisco Javier, Museo Nacional del Virreinato. Edo. de México  |b CCC6 
960 |a Colegio de San Francisco Javier, Tepotzotlán Estado de México  |b DD89 
961 |a Jesuita  |b OJ 
942 |c M.N.V. 
943 |g Biblioteca del Colegio de San Francisco Javier. Tepotzotlán. Estado de México 
999 |c 950916  |d 950916